000 00267nam a22001217a 4500
003 SGT
082 _a617.643
_bE96E
100 _aEnlow, Donald H.
245 _aEssentials of Facial Growth
260 _bW. B. Saunders Co.
_c1996
300 _a303
942 _2ddc
_cRARE
999 _c33258
_d33258